| 000 | 01152nam0a2200313 4500 | ||
|---|---|---|---|
| 001 | RU\NLR\bibl\1385323 | ||
| 005 | 20250615194722.0 | ||
| 010 |
_a978-5-699-34578-6 _94000 |
||
| 021 |
_aRU _b2009-41044 _9209д |
||
| 035 | _a(NLR Aleph) 001377391 | ||
| 090 |
_a1080256 _c1080256 |
||
| 100 | _a20090623d2009 |||y0rusy50 ca | ||
| 101 | 1 |
_arus _ceng |
|
| 102 | _aRU | ||
| 105 | _aa ||||||||| | ||
| 200 | 1 |
_aНемецкие бронетанковые войска Второй мировой войны _fКрис Бишоп _g[пер. с англ. Сергея Дробязко] |
|
| 210 |
_aМосква _cЭксмо _d2009 |
||
| 215 |
_a191, [1] с. _cил., цв. ил. _d26 |
||
| 225 | 1 | _aБоевой порядок | |
| 320 | _aУказ. командировок: с. 188-190 | ||
| 320 | _aОбщ. указ.: с. 190-191 | ||
| 601 | 0 | 1 |
_aГермания _bТанковые войска _xИстория _z1935 - 1945 _92581794 _3RU\NLR\auth\661526200 |
| 686 | _aЦ53,8(4Г)0-1 | ||
| 700 | 1 |
_aБишоп _bК. _gКрис _4070 |
|
| 801 | 0 |
_aRU _bNLR _c20090623 _gRCR |
|
| 801 | 1 |
_aRU _bNLR _c20090623 |
|
| 942 | _cBOOK | ||
| 980 | _aNB | ||